01014nam a2200265 a 450000100060000000300100000600500170001600800410003302000150007403500140008904000190010308200280012210000290015024500790017925000120025826000610027030000370033150400410036865000360040965000260044594200120047199900170048395201240050095201240062437922(BD-RjUL)20211209052704.0920713s1992 nyua 001 0 eng d a8120308824 a(BD-RjUL) aDLCc(BD-RjUL) a621.38275220bSEO 20001 aSenior, John M.,911748610aOptical fiber communications :bprinciples and practice /cJohn M. Senior. a2nd ed. aNew Delhi;aIndia :bPrentice-Hall,c1992 [2000 reprint] axxxiii, 922 p. :bill. ;c21 cm. aIncludes bibliographical references. 0aOptical communications.9117177 0aFiber optics.9117146 2ddccBK c37922d37922 00102ddc4071aICEbICEcSeminar Libraryd2015-08-12l0o621.38275 SEO 2000r2015-08-12 00:00:00tC-1w2021-12-09yBK 00102ddc4071aICEbICEcSeminar Libraryd2016-03-30l0o621.38275 SEO 2000r2016-03-30 00:00:00tC-2w2016-03-30yBK